Los secretos del outsourcing Seis sombreros para gobernar un servicio /

Detalles Bibliográficos
Autor principal: Pascual Almeida, Miguel ℓngel
Formato: eBook
Lenguaje:español
Publicado: Bogot:̀ Ediciones de la U, 2013
Materias:
Acceso en línea:Acceso restringido

MARC

LEADER 00000nam a22000007a 4500
005 20210514234121.0
007 cr|||| ||||
008 210514s2013 co |||||s|||| 00||0 spa d
020 |a 978-958-762-116-7 
035 |a 33378 
040 |a vLex 
090 |c 11671  |d 11671 
100 1 |a Pascual Almeida, Miguel ℓngel 
245 1 3 |a Los secretos del outsourcing  |h [Recurso electrn̤ico] :  |b Seis sombreros para gobernar un servicio /  |c Miguel ℓngel Pascual Almeida 
256 |a Servicio en ln̕ea 
260 |a Bogot:̀  |b Ediciones de la U,  |c 2013 
300 |a 1 recurso electrn̤ico 
500 |a La presente obra cubre el espacio dejado por los tratados oficiales emitidos por los Organismos Oficiales de Estandarizacin̤ y las grandes Universidades 150, Carnegie Mellan, etc. en lo referente a la realidad que nos encontramos da̕ a da̕ en la gestin̤ de un servicio TIC externalizado. El autor adopta el punto de vista de una manera sistemt̀ica tanto del proveedor como del cliente de outsourcing, se recopilan las prc̀ticas de gramt̀ica parda que aparecen en la relacin̤ siempre turbulenta entre ambos intereses, dejando al descubierto el alma que hay detrs̀ de una relacin̤ profesional y la imperiosa necesidad de no escatimar el derroche de inteligencia emocional para lograr el, x̌ito para ambas partes.El perm̕etro de la obra abarca todas las facetas y habilidades imprescindibles de dominar en el mundo de los servicios, desde la perspectiva econm̤ica hasta la gestin̤ de los riesgos, sin olvidar aspectos tan relevantes para competir con x̌ito hoy en da̕ como la globalizacin̤, la calidad o la gestin̤ del personal: Łel talento!Debido a su lenguaje directo y llano, este libro lo disfrutar ̀tanto el experto conocedor y sufridor de este tipo de servicios, como los estudiantes de la materia al ver reflejado en sus pg̀inas lo que no va a encontrar nunca en los grandes tratados como ITIL, CMMI, etc. No en vano, recoge la experiencia del autor trabajando en Tecnologa̕s de la Informacin̤ desde hace ms̀ de 40 aǫs y en el mundo de la externalizacin̤ de servicios TIC durante los l︢timos cuatro lustros; al mismo tiempo, buen conocedor del mundillo de las aulas universitarias, donde imparte materias relacionadas con la gestin̤ de las tecnologa̕s. 
506 1 |a Disponible solo en los productos indicados  |d vLex Global  |d vLex Global (Academic Edition, excluding Law Schools)  |d vLex Global (U.S. Academic Edition, Law Schools)  |d vLex Global (U.S. Academic Edition, excluding Law Schools)  |d vLex Global (Academic Edition, Law Schools) 
650 0 4 |a Marketing  |z Colombia 
740 0 |a vLex Libros (Servicio en ln̕ea) 
856 4 0 |u https://vlex.com/source/secretos-del-outsourcing-seis-sombreros-para-gobernar-un-servicio-33378  |z Acceso restringido 
942 |c BOOK 
999 0 |a Marketing